| 000 | 00640cam a2200193 4500 | ||
|---|---|---|---|
| 001 | D2614 | ||
| 008 | 090401t1974 xxu||||| |||| 00| 0 eng d | ||
| 035 | _a(Sirsi) u69918 | ||
| 041 | _aeng | ||
| 050 | _a333.0095493 | ||
| 110 |
_aCommonwealth Association of Surveying and Land Economy _92570 |
||
| 245 | _aReport of the proceedings of a seminar on surveying and land economy in Sri Lanka, held at the Bandara naike Memorial International Conference Hall, Colombo on 2-4 October 1974 | ||
| 260 |
_aLondon _bCASLE _c1974 |
||
| 300 | _a30p. 30cm | ||
| 350 | _a0 | ||
| 520 | _aShelved at P333.0095493 | ||
| 942 | _n0 | ||
| 948 | _c04/03/1997 | ||
| 999 |
_c95252 _d95252 |
||